000 00825nam a2200217Ia 4500
999 _c36198
_d36198
001 2101
003 GE_BSU
005 20221021115843.0
008 181216s1986ru xx |||||||||||||| ||rus||
040 _cGE_BSU
041 _arus
080 _a911.2(079.9) Ф-505
245 _aФизическая география Закавказья /
_cСост. Н.Л. Беручашвили, Ред.Г.К. Габриелян.
264 _aЕреван :
_bЕреванский ун-т,
_c1986.
300 _a312 стр. :
_b20 см.
653 _aФизическая география Закавказья
653 _aგეოგრაფია
700 _aБеручашвили, Н.Л.
_eშემდგენელი
_915424
700 _aГабриелян,Г.К.
_eრედაქტორი
_915425
942 _cBK
_2udc